| 000 | 00761 a2200229 4500 | ||
|---|---|---|---|
| 001 | 20947 | ||
| 005 | 20260407155501.0 | ||
| 008 | 260407a2007 arg spa d | ||
| 003 | AR-UNSa-BCEJYS | ||
| 040 |
_aAR-UNSa-BCEJYS _bspa _cAR-UNSa-BCEJYS |
||
| 080 |
_a347.72 _xSociedades comerciales |
||
| 245 | 1 | 0 |
_aRégimen de sociedades comerciales _pLey 19.550 |
| 020 | _a978-950-508-773-0 | ||
| 250 | _a22a. ed. | ||
| 264 | 1 |
_aBuenos Aires : _bAstrea _c2007 |
|
| 300 |
_a693 p. _c20 cm. |
||
| 942 | _cBK | ||
| 590 | _aniveau_biblio:m niveau_hierar:0 | ||
| 100 | 1 | _aZunino, Jorge Osvaldo | |
| 700 | 1 | _aArgentina [Leyes, etc.] | |
| 856 | 4 | 1 |
_uhttps://biblioeco.unsa.edu.ar/pmb/images/libros/R?gimen de Sociedades Comerciales(22a ed).jpg _yImagen de portada _qimage/jpeg |
| 999 |
_c763 _d763 |
||